000
00313nam a22001217a 4500
008
181127b xxu||||| |||| 00| 0 eng d
041
_a
eng
080
_a
043.3
100
_a
0
101
_a
BTH-SHKI
245
_a
Zhvillimi i kontratave te mencura te bazuara ne Ethereum Blockchain
_c
Godanci, E
942
_2
udc
_c
BK
999
_c
52589
_d
52589